|
|
|
|
| LEADER |
01351nam a2200337 a 4500 |
| 001 |
5882 |
| 003 |
BD-DhAAL |
| 005 |
20150319114231.0 |
| 008 |
000524s2000 enk b 001 0 eng |
| 010 |
|
|
|a 00362409
|
| 020 |
|
|
|a 0304705411 (hardback)
|
| 020 |
|
|
|a 030470542X (paperback)
|
| 040 |
|
|
|a DLC
|c DLC
|d DLC
|d BD-DhAAL
|
| 050 |
0 |
0 |
|a LC506.G7
|b C66 2000
|
| 082 |
0 |
0 |
|a 371.071/242
|2 21
|
| 245 |
0 |
0 |
|a Commitment to diversity :
|b Catholics and education in a changing world /
|c edited by Mary Eaton, Jane Longmore and Arthur Naylor.
|
| 246 |
3 |
0 |
|a Catholics and education in a changing world
|
| 260 |
|
|
|a London ;
|a New York :
|b Cassell,
|c 2000.
|
| 300 |
|
|
|a x, 301 p. ;
|c 24 cm.
|
| 504 |
|
|
|a Includes bibliographical references and index.
|
| 541 |
|
|
|e 5882
|
| 610 |
2 |
0 |
|a Catholic Church
|x Education
|z Great Britain.
|9 9904
|
| 650 |
|
0 |
|a Catholic schools
|z Great Britain
|x History.
|9 9905
|
| 650 |
|
0 |
|a Catholic universities and colleges
|z Great Britain.
|9 9906
|
| 650 |
|
0 |
|a Teachers
|x Training of
|z Great Britain.
|9 9907
|
| 700 |
1 |
|
|a Eaton, Mary.
|9 9908
|
| 700 |
1 |
|
|a Longmore, Jane,
|d 1954-
|9 9909
|
| 700 |
1 |
|
|a Naylor, Arthur.
|9 9910
|
| 942 |
|
|
|2 ddc
|c BK
|
| 999 |
|
|
|c 34109
|d 34109
|
| 952 |
|
|
|0 0
|1 0
|2 ddc
|4 0
|6 371_071242000000000_COM
|7 0
|9 53227
|a SCL
|b SCL
|c GEN
|d 2015-03-19
|e Gift: The Asia Foundation
|l 0
|o 371.071242 COM
|p 3020005882
|r 2015-03-19
|t 1
|w 2015-03-19
|y BK
|